| 000 | 00865nam a22002175i 4500 | ||
|---|---|---|---|
| 001 | 152048 | ||
| 003 | ES-MaACL | ||
| 005 | 20250724074833.0 | ||
| 008 | 000112m18641870fr |||| | fre d | ||
| 040 |
_aM-RACE _bspa _cM-RACE _dCCPB | B |
||
| 100 | 1 |
_aBertrand, Joseph. _928530 |
|
| 245 | 1 | 0 |
_aTraite de calcul differentiel et de calcul integral / _cpar J. Bertrand. |
| 260 |
_aParis : _bGauthier-Villars, _c1864-1870. |
||
| 300 |
_a2 v.(VII, XLIV, 780; XII, 725 p.) ; _c28 cm. |
||
| 505 | 8 | _aContiene: T. I. Calcul differentiel -- T. II. Calcul integral : integrales definies et indefinies | |
| 650 | 4 |
_aCálculo diferencial. _9135859 |
|
| 650 | 4 |
_aCálculo integral. _910672 |
|
| 650 | 7 |
_aGeometría _2embne _913096 |
|
| 852 |
_aES-MaACL _jG-11844 _z-- Enc. hol., deteriorada _q-- Sólo t. I. Calcul différentiel (XLIV, 780 p.) |
||
| 999 |
_c152048 _d152048 |
||